ʻAtharāt al-lisān fī al-lughah /

Saved in:

Main Author: Maghribī, ʿAbd al-Qādir, 1867-1956 (Author)

Format: Book

Language: Arabic

Published: [Dimashq] : al-Majmaʻ al-ʻIlmī al-ʻArabī, 1949.

Series: Maṭbūʻāt al-Majmaʻ al-ʻIlmī al-ʻArabī bi-Dimashq.

Subjects:

Tags: Add Tag

No Tags, Be the first to tag this record!

Call Number: PJ6121 .M3 1949

LEADER 01441nam a2200253Ia 4500
003 OSt
005 20230920070731.0
008 130303s1949 sy 001 0 ara d
952 |0 0  |1 0  |2 lcc  |4 0  |6 PJ6121 M3 01949  |7 1  |9 50193  |a ARCE  |b ARCE  |d 2023-09-20  |l 0  |o PJ6121 .M3 1949  |p 1029230  |r 2023-09-20 00:00:00  |w 2023-09-20  |y BK 
999 |c 30411  |d 30411 
040 |c ARCE Library 
050 4 |a PJ6121 .M3 1949 
100 1 |6 880-01  |a Maghribī, ʿAbd al-Qādir,  |d 1867-1956,  |e author 
245 1 0 |6 880-02  |a ʻAtharāt al-lisān fī al-lughah /   |c ṣannafahu ʻAbd al-Qādir al-Maghrabī. 
264 1 |a [Dimashq] :   |b al-Majmaʻ al-ʻIlmī al-ʻArabī,   |c 1949. 
300 |a 151 pages ;  |c 17 cm. 
490 0 |a Maṭbūʻāt al-Majmaʻ al-ʻIlmī al-ʻArabī bi-Dimashq. 
500 |a Includes Index. 
650 0 |a Arabic language  |x Errors of usage. 
650 0 |a Arabic language  |x Idioms. 
880 1 |6 100-01/(3/r  |a مغربي، عبد القادر،‪‪‪‪‪‪‪‪‪‪‪‪‪‪‪‪‪‪‪‪‪‪‪‪‪‪‪‪‪‪‪‪‪‪‪‪‪‪‪‪‪‪‪‪‪‪‪‪‪‪‪‪‪‪‪‪‪‪‪  |d 1867-1956. 
880 1 0 |6 245-02/(3/r  |a عثرات اللسان في اللغة   |c صنفه عبد القادر المغربي.‪‪‪‪‪‪‪‪‪‪‪‪‪‪‪‪‪‪‪‪‪‪‪‪‪‪‪‪‪‪‪‪‪‪‪‪‪‪‪‪‪‪‪‪‪‪‪‪‪‪‪‪‪‪‪‪‪‪‪ 
901 |a reviewed 
942 |c BK  |2 lcc